00758nam a22002297a 4500999001500000001000600015003000900021005001700030008004100047010001700088040002800105082002400133100002400157245008600181250001200267260003700279300002400316546002500340650003000365942001200395952012100407 c1734d173414345BD-DhUAP20200216103418.0200216s2008 bg l 000 0 eng  a 2001435805 aDLCcDLCdBD-DhUAPbEng00223a342.549207 RAH  aRahman, Md. Saidur.00aLaw on election in Bangladesh :bwith up-to date amendments /cMd. Saidur Rahman. a3rd ed. aDhaka :bMahfuza Rahman, c2008. a367 pages ;c23 cm. aEnglish and Bengali. 0aElection lawzBangladesh. 2ddccBK 00102ddc4070aUAPCLbUAPCLcGeneral Stacksd2020-02-16o342.549207 RAHp3010014345r2020-02-16t1w2020-02-16yBK